Medizin-Quiz 10 - Statistiken

Allgemein
  • Dieses Quiz wurde 604 mal gespielt
  • Das Durchschnittsergebnis liegt bei 7 aus 15
Antwortstatistiken
Beschreibung Begriff % Korrekt
Muskelkontraktionen der Gebärmutter, die primär unmittelbar vor der Geburt verstärkt auftreten Wehen
93%
Es wird unterteilt in leichtes, mittelschweres und...........Schädel-Hirn-Trauma? schweres
79%
Räumlichkeit in der Notaufnahme, in welcher schwerverletzte Patienten erstversorgt werden Schockraum
66%
lateinischer Begriff für Brustbein Sternum
66%
Fachbegriff für Gedächtnisverlust z.B. nach einem Sturz auf den Kopf Amnesie
64%
Sterilisation des Mannes Vasektomie
48%
Phase des Herzzyklus, in der sich die Herzwand kontrahiert und das Blut aus den Herzhöhlen ausgeworfen wird Systole
44%
Fachbegriff für Atemnot Dyspnoe
41%
Zustand, bei dem Luft in den Pleuraraum (Spalt zwischen Lunge und Brustwand) eindringt - kann zu einem Lungenkollaps führen Pneumothorax
41%
Riss eines Bandes, Gefäßes, Muskels oder einer Sehne Ruptur
39%
Terminus für Hirnanhangdrüse Hypophyse
35%
Fachbegriff für Schleimbeutelentzündung, z.B. am Ellenbogen Bursitis
28%
das stärkste bekannte Gift weltweit Botulinumtoxin
10%
andere Bezeichnung für Chefarzt in Österreich, Leiter einer fachspezifischen Abteilung im Krankenhaus Primar
10%
Magenschutzmittel, welches den Wirkstoff Pantoprazol enthält Pantoloc
7%
Keine übereinstimmenden Quizze gefunden
Verteilung der Resultate
Anzahl Personen mit jedem Resultat
Perzentil nach korrekt beantworteten Fragen
Ihre Resultats-Entwicklung
Sie haben dieses Quiz noch nicht gespielt